000
00284nam a22001097a 4500
008
230522b |||||||| |||| 00| 0 eng d
082
_a
362.2
100
_a
World Health Organization
245
_a
Reducing harm from alcohol use:
_b
good practices
300
_a
90 p.
_c
24 cm
942
_2
ddc
999
_c
9592
_d
9593